Call of Duty: Modern Warfare Series Characters - Statistics

General Stats
  • This quiz has been taken 2,035 times
  • The average score is 10 of 17
Answer Stats
Modern Warfare games Hint Answer % Correct
1,2,3 British special forces soldier and main protagonist Captain John Price
95%
1,2,3 Scottish main protagonist Captain John "Soap" MacTavish
95%
2 British Special Forces Operator killed by Shepherd Lieutenant Simon "Ghost" Riley
91%
2,3 Leader of the ultranationalist terrorist cell The Inner Circle Vladimir Makarov
86%
3 Russian Loyalist and main playable character in modern warfare 3 Yuri
76%
2 Playable character killed by Shepherd in "loose Ends" Sergeant Gary "Roach" Sanderson
72%
1,2,3 Russian informant among Zakhaev's ultranationalists Nikolai
62%
2,3 (mentioned) Main antagonist from Modern Warfare 2 Lieutenant General Shepherd
53%
3 Operator in Delta Force and team leader of Delta Force unit Team Metal Master Sergeant Sandman
53%
2,3 (mentioned) Playable Protagonist Killed by Makarov at the end of No Russian Private First Class Joseph Allen AKA Alexei Borodin
45%
2 US Army Ranger and acting Commander of Hunter Two-One Sergeant Foley
45%
1,2,3 (mentioned) Russian arms dealer Imran Zakhaev
42%
2 Army Ranger Private frequently given orders by Foley Private James Ramirez
41%
3 Playable Protagonist assigned to Delta Force Team Metal Sergeant Derek "Frost" Westbrook
41%
1,3 Russian Loyalist frequently tasked with helping Price's squad Seregeant Kamarov
40%
3 President of Russia's Daughter Alena Vorshevsky
7%
2 (mentioned),3 President of Russia Boris Vorshevsky
7%
No matching quizzes found
Score Distribution
Percent of People with Each Score
Percentile by Number Answered
Your Score History
You have not taken this quiz